Geography Quiz

Random Geography or City Quiz

US Cities by Peak Rank Quiz Stats

 Plays Quiz Updated Oct 19, 2016

Challenge
Share
Tweet
Embed
Score 0/74 Timer 14:00
2 Plays Today
Peak rank City % Correct
1New York, NY
99.4%
2Los Angeles, CA
95.1%
2Chicago, IL
94.3%
3Boston, MA
93.1%
2Philadelphia, PA
90.9%
7Dallas, TX
89%
4Houston, TX
88.5%
8San Francisco, CA
88%
24Atlanta, GA
84.8%
19Seattle, WA
83.9%
4Detroit, MI
83.8%
9Washington, DC
83.6%
6San Diego, CA
82.3%
8Pittsburgh, PA
79.7%
3New Orleans, LA
78.9%
6Phoenix, AZ
78.4%
2Baltimore, MD
77.8%
4St. Louis, MO
77.2%
5Cleveland, OH
76.5%
23Denver, CO
75.4%
15Portland, ME
73.3%
24Portland, OR
73.3%
7San Antonio, TX
72.9%
11Indianapolis, IN
70.8%
19Kansas City, MO
70.6%
15Minneapolis, MN
69.5%
14Austin, TX
69.2%
6Cincinnati, OH
68.6%
15Columbus, OH
67.7%
8Buffalo, NY
67.6%
11Jacksonville, FL
66.1%
14Memphis, TN
65.6%
12Richmond, VA
62.2%
17Charlotte, NC
60.3%
9Albany, NY
60.3%
4Charleston, SC
58.8%
9Providence, RI
58%
Peak rank City % Correct
11Milwaukee, WI
57.6%
23St. Paul, MN
55.3%
11Newark, NJ
54.8%
10San Jose, CA
53.8%
23Hartford, CT
53%
12Louisville, KY
52.5%
16Fort Worth, TX
50.5%
19El Paso, TX
47.5%
18Rochester, NY
41.1%
21Omaha, NE
40.3%
18Savannah, GA
40%
3Brooklyn, NY
38.9%
17New Haven, CT
32.9%
7Salem, MA
32.1%
10Norfolk, VA
31.8%
8Newport, RI
19.9%
17Alexandria, VA*
16%
18Lowell, MA
13.5%
14Portsmouth, NH
8.3%
24New Bedford, MA
7.9%
19Troy, NY
7.1%
6Northern Liberties, PA
6.5%
20New London, CT
5.9%
17Schenectady, NY
5.8%
23Allegheny, PA
4.9%
19Georgetown, DC
4.2%
12Gloucester, MA
4.1%
7Southwark, PA
3.8%
9Spring Garden, PA
3.7%
14Nantucket, MA
3.2%
21Petersburg, VA
3.1%
10Marblehead, MA
2.8%
23Williamsburgh, NY
2.5%
24Hudson, NY
2.4%
12Newburyport, MA
1.8%
12Kensington, PA
1.8%
16Middleborough, MA
1.1%

You're not logged in!

Compare scores with friends on all Sporcle quizzes.
Join for Free
OR
Log In

You Might Also Like...

Show Comments

Extras

Top Quizzes Today


Score Distribution

Your Account Isn't Verified!

In order to create a playlist on Sporcle, you need to verify the email address you used during registration. Go to your Sporcle Settings to finish the process.

Report this User

Report this user for behavior that violates our Community Guidelines.

Details: